Central Library OPAC University of Rajshahi

monsoon lands / (Record no. 23984)

MARC details
000 -LEADER
fixed length control field 00733nam a22002417a 4500
001 - CONTROL NUMBER
control field 23984
003 - CONTROL NUMBER IDENTIFIER
rucl marc code BD-RjUL
005 - DATE AND TIME OF LATEST TRANSACTION
control field 20211209001008.0
008 - FIXED-LENGTH DATA ELEMENTS--GENERAL INFORMATION
fixed length control field 140312s1966 enka|||| |||| 001 0 eng d
035 ## - SYSTEM CONTROL NUMBER
System control number (BD-RjUL)24049
040 ## - CATALOGING SOURCE
Original cataloging agency BD-RjUL
Language of cataloging eng
Transcribing agency BD-RjUL
Modifying agency BD-RjUL
041 ## - LANGUAGE CODE
Language code of text/sound track or separate title eng
082 04 - DEWEY DECIMAL CLASSIFICATION NUMBER
Classification number 915
Author mark and year COM 1966
100 1# - MAIN ENTRY--PERSONAL NAME
Personal name Cobb, R.T.
9 (RLIN) 73855
245 10 - TITLE STATEMENT
Title monsoon lands /
Statement of responsibility, etc. by R.T. Cobb
Number of part/section of a work V-6 :
-- part-1
Name of part/section of a work General introduction India, Pakistan,Ceylon,Burma
260 ## - PUBLICATION, DISTRIBUTION, ETC. (IMPRINT)
Place of publication, distribution, etc. London :
Name of publisher, distributor, etc. University tutorial press Ltd.,
Date of publication, distribution, etc. 1966
300 ## - PHYSICAL DESCRIPTION
Pagination vii, 303p. :
Illustrations illus. ;
Size 21cm.
490 ## - SERIES STATEMENT
Series statement Advanced level geography
504 ## - BIBLIOGRAPHY, ETC. NOTE
Bibliography, etc Include index
651 #0 - SUBJECT ADDED ENTRY--GEOGRAPHIC NAME
Geographic name Asia
General subdivision Geography.
9 (RLIN) 70940
700 1# - ADDED ENTRY--PERSONAL NAME
Personal name Coleby, L.J.M.
942 ## - ADDED ENTRY ELEMENTS (KOHA)
Source of classification or shelving scheme Dewey Decimal Classification
Koha item type Books
Holdings
Lost status Source of classification or shelving scheme Materials specified (bound volume or other part) Damaged status Not for loan Collection code Permanent Location Current Location Shelving location Date acquired Source of acquisition Cost, normal purchase price Total Checkouts Full call number Date last seen Copy number Koha item type
  Dewey Decimal Classification V-6   Added to bundle Non-fiction Central Library, University of Rajshahi Central Library, University of Rajshahi Reading Room 31/08/1968 Zeitlinger 39.60   915 COM 1966 12/03/2014 C-1 Books